00822 2200301 4500001002100000005001500021035002000036007000300056008004100059100000800100245007600108250001100184300003100195020002200226082001000248084001600258090001400274260003300288600001600321700003600337850001000373650001700383990002400400990002400424990002400448990002400472990002400496INLIS00000000000281120260530115238 a0010-0720000094ta260530 0 0 aBip1 aEnsiklopedi Junior :bTubuh Kita /cBip;Penerjemah, Diah Kartini Lasman a-Cet 2 a131 hlm. :bilus. ;c23 cm a978-602-455-376-0 a370.1 a370.1 BIP e a613 DYA s a--Jakarta :bGramedia,c2019 4aEnsiklopedi0 aPenerjemah, Diah Kartini Lasman aPUPAD 4aEnsiklopedia a33.133/DAK/DPK/2019 a33.150/DAK/DPK/2019 a33.152/DAK/DPK/2019 a33.153/DAK/DPK/2019 a33.151/DAK/DPK/2019